[Event "op"]
[Site "Oberwart"]
[Date "1997.07.10"]
[Round "6"]
[White "Schein, Karl-Heinz"]
[Black "Mahdy, Khaled"]
[Result "0-1"]
[WhiteElo "2225"]
[BlackElo "2425"]
[PlyCount "104"]
[EventDate "1997.07.10"]

1. e4 e5 2. Nf3 Nc6 3. Nc3 Nf6 4. Bb5 Bb4 5. O-O O-O 6. d3 d6 7. Ne2 Bg4 8. c3
Ba5 9. Bxc6 bxc6 10. Qa4 Bb6 11. Qxc6 Nh5 12. Ng3 Bxf3 13. gxf3 Qh4 14. Kg2
Rae8 15. Nf5 Nf4+ 16. Bxf4 Qxf4 17. d4 Re6 18. Qc4 Rg6+ 19. Ng3 h5 20. h4 Re8
21. a4 Ree6 22. a5 Rxg3+ {} 23. fxg3 Rg6 24. Qe2 Rxg3+ 25. Kf2 Rh3 26. Ke1 Rh2
27. Qd3 Bxa5 28. Kd1 Bb6 29. b4 exd4 30. cxd4 Qxh4 31. Rc1 Qh3 32. Rc2 Rxc2 33.
Kxc2 Bxd4 34. f4 Qg2+ 35. Kb3 c5 36. bxc5 dxc5 37. Kc4 Qa2+ 38. Kb5 Qb2+ 39.
Kc4 Qb6 40. Qh3 Qa6+ 41. Kd5 Qb7+ 42. Kd6 Bf6 43. Qd7 Qxe4 44. Kc7 c4 45. Qc6
Qe7+ 46. Kb8 c3 47. Rd1 Kh7 48. Rd7 Qe6 49. Qb5 Qb6+ 50. Qxb6 axb6 51. Rd5 Kg6
52. Kb7 c2 0-1

[Event "op"]
[Site "Oberwart"]
[Date "1997.07.10"]
[Round "6"]
[White "Wittmann, Walter"]
[Black "Wadsack, Wolfgang"]
[Result "1-0"]
[WhiteElo "2390"]
[BlackElo "2165"]
[PlyCount "109"]
[EventDate "1997.07.10"]

1. e4 d5 2. exd5 Nf6 3. d4 Nxd5 4. Nf3 Bg4 5. Be2 e6 6. h3 Bh5 7. Ne5 Bxe2 8.
Qxe2 Nd7 9. O-O c6 10. Rd1 Be7 11. c4 N5f6 12. Nc3 O-O 13. Bf4 Re8 14. Rd3 Nf8
15. Rad1 Ng6 16. Bg3 Bb4 17. Ne4 Nxe4 18. Qxe4 f5 19. Qe3 Qe7 20. Nxg6 hxg6 21.
Be5 Bd6 22. Qg3 Rad8 23. Qxg6 Qf7 24. Qg3 Qc7 25. Bxd6 Qxd6 26. Qe5 Re7 27. f4
Qb4 28. b3 a5 29. Kf2 Kf7 30. Kf3 a4 31. Qc5 Qxc5 32. dxc5 Rxd3+ 33. Rxd3 axb3
34. axb3 Kf6 35. h4 g6 36. Rd6 Kg7 37. b4 Kf6 38. Ke3 Rc7 39. Kd4 Rh7 40. g3
Re7 41. b5 Rc7 42. Rd8 Ke7 43. Rh8 Kf6 44. Rb8 Rd7+ 45. Kc3 cxb5 46. cxb5 {}
46... e5 47. fxe5+ Kxe5 48. Re8+ Kd5 49. Kb4 Rc7 50. Rd8+ Ke5 51. b6 Re7 52.
Rc8 Rd7 53. c6 bxc6 54. Rxc6 Rd4+ 55. Kb5 1-0

[Event "op"]
[Site "Oberwart"]
[Date "1997.07.10"]
[Round "6"]
[White "Baumegger, Siegfried"]
[Black "Halser, Walter"]
[Result "1-0"]
[WhiteElo "2360"]
[BlackElo "2100"]
[PlyCount "65"]
[EventDate "1997.07.10"]

1. d4 Nf6 2. Nf3 e6 3. c4 d5 4. Bg5 c5 5. cxd5 exd5 6. Nc3 cxd4 7. Nxd4 Be7 8.
e3 O-O 9. Be2 Nc6 10. O-O Ne4 11. Bxe7 Nxc3 12. Bxd8 Nxd1 13. Nxc6 bxc6 14. Be7
{} 14... Nxb2 15. Bxf8 Kxf8 16. Rfc1 Bd7 17. Rab1 Na4 18. Ba6 Ke7 19. e4 d4
20. Rc4 c5 21. Rb7 Nb6 22. Rxc5 Kd6 23. Rbc7 Re8 24. Bd3 a5 25. f4 f6 26. Rc1
Rb8 27. Ra7 Na4 28. e5+ fxe5 29. fxe5+ Ke7 30. Rcc7 Nb6 31. Bf5 g6 32. Bxd7 Nd5
33. Rcb7 1-0

[Event "op"]
[Site "Oberwart"]
[Date "1997.07.10"]
[Round "6"]
[White "Sziebert, Adam"]
[Black "Kummer, Helmut"]
[Result "1/2-1/2"]
[WhiteElo "2300"]
[BlackElo "2350"]
[PlyCount "107"]
[EventDate "1997.07.10"]

1. e4 Nc6 2. Nf3 d6 3. d4 Nf6 4. Nc3 Bg4 5. Be3 a6 6. Be2 e6 7. d5 exd5 8. exd5
Bxf3 9. Bxf3 Ne5 10. Be2 Be7 11. h3 O-O 12. Qd2 b5 13. a3 Re8 14. O-O Nfd7 15.
b3 Nc5 16. f4 Ng6 17. b4 Nd7 18. a4 Bf6 19. axb5 Bxc3 20. Qxc3 Nb6 21. Bxb6
cxb6 22. Bd3 axb5 23. Rxa8 Qxa8 24. Bxb5 Rc8 25. Ra1 Qb8 26. Qe3 Qc7 27. Bd3
Nf8 28. c4 Rb8 29. Re1 Ra8 30. f5 Qd8 31. f6 Qxf6 32. Qxb6 Qc3 33. Re3 Ra1+ 34.
Kh2 Qf6 35. Re4 g6 36. Qe3 Nd7 37. c5 dxc5 38. bxc5 Ra3 39. Qh6 Qd8 40. Bb5
Qb8+ 41. d6 Nf6 42. Ra4 Rxa4 43. Bxa4 Qb4 44. Qg5 Qd4 45. Bb3 Kg7 46. Qc1 Nh5
47. Qd1 {} 47... Qe5+ 48. Kh1 Ng3+ 49. Kg1 Qxc5+ 50. Kh2 Ne4 51. d7 Qc7+ 52.
Kg1 Qc5+ 53. Kh2 Qc7+ 54. Kg1 1/2-1/2

[Event "op"]
[Site "Oberwart"]
[Date "1997.07.10"]
[Round "6"]
[White "Bawart, Markus"]
[Black "Frosch, Ronald"]
[Result "1-0"]
[WhiteElo "2325"]
[BlackElo "1986"]
[PlyCount "99"]
[EventDate "1997.07.10"]

1. Nf3 Nf6 2. g3 b6 3. Bg2 Bb7 4. O-O e6 5. b3 Be7 6. Bb2 c5 7. c4 O-O 8. Qc2
Nc6 9. a3 h6 10. e3 Qc7 11. Nc3 a6 12. d3 Rac8 13. Rac1 Rfd8 14. Ne4 Nxe4 15.
dxe4 d6 16. h3 Nb8 17. Nh2 Qc6 18. f4 f5 19. exf5 Qxg2+ 20. Qxg2 Bxg2 21. Kxg2
exf5 22. Rfd1 Kf7 23. Rd5 g6 24. g4 Bf6 25. Bxf6 Kxf6 26. Nf3 Nc6 27. g5+ hxg5
28. Nxg5 Rc7 29. Rcd1 Rcd7 30. Nf3 Ne7 31. R5d2 Nc6 32. Kg3 Ke7 33. h4 Na5 34.
Rd3 b5 35. cxb5 axb5 36. b4 Nc4 37. Rb1 Rb7 38. Rc3 cxb4 39. Rxb4 Rdb8 40. Nd4
Kd7 41. Rd3 Na5 42. h5 Nc6 43. Nxc6 Kxc6 44. Rbd4 Rd7 45. hxg6 Rg8 46. Rc3+ Kb6
47. Rd5 Rxg6+ 48. Kf3 Ra7 49. Rxf5 Ka5 50. Rd5 {} 1-0

[Event "op"]
[Site "Oberwart"]
[Date "1997.07.10"]
[Round "6"]
[White "Krachler, Guenther"]
[Black "Schwab, Rene"]
[Result "0-1"]
[WhiteElo "2160"]
[BlackElo "2280"]
[PlyCount "58"]
[EventDate "1997.07.10"]

1. d4 d5 2. c4 c6 3. Nc3 Nf6 4. cxd5 cxd5 5. Nf3 Qb6 6. g3 e6 7. Bg2 Nc6 8. O-O
Bd6 9. Re1 Bd7 10. Rb1 Rd8 11. Bg5 Be7 12. e4 Nxe4 13. Nxe4 dxe4 14. Rxe4 Bxg5
15. Nxg5 Ne7 16. Qh5 g6 17. Qe2 Bc6 18. Rh4 Bxg2 19. Kxg2 Nf5 20. Rxh7 Rxh7 21.
Nxh7 Qxd4 22. Qb5+ Rd7 23. Rc1 Ke7 24. Re1 a6 25. Qb3 Qg4 26. Qa3+ Rd6 27. Rc1
b5 28. Rc7+ Kd8 29. Rc1 Nh4+ {} 0-1

[Event "op"]
[Site "Oberwart"]
[Date "1997.07.10"]
[Round "6"]
[White "Nielsen, Max"]
[Black "Steinwender, Peter"]
[Result "1-0"]
[WhiteElo "2255"]
[BlackElo "1964"]
[PlyCount "71"]
[EventDate "1997.07.10"]

1. e4 c5 2. Nf3 d6 3. d4 cxd4 4. Nxd4 Nf6 5. Nc3 a6 6. f4 Qc7 7. Nf3 Nbd7 8. a4
b6 9. Bd3 Bb7 10. O-O g6 11. Qe1 Nc5 12. Kh1 Bg7 13. Bd2 O-O 14. b4 Nxd3 15.
cxd3 Qd7 16. h3 Rac8 17. Qh4 Rc7 18. Rae1 Rfc8 19. Ne2 Qxa4 20. f5 Qe8 21. fxg6
fxg6 22. Bh6 Bh8 23. Ng5 e5 24. Rf3 a5 25. bxa5 bxa5 26. Ref1 Qe7 27. Ra1 Ra8
28. Qe1 Bg7 29. Bxg7 Kxg7 30. Rf1 h6 31. Nf3 Rc5 32. Ng3 Bc8 33. Qd1 Rb8 34.
Qd2 Rb4 {} 35. Rxa5 Rxa5 36. Qxb4 1-0

[Event "op"]
[Site "Oberwart"]
[Date "1997.07.10"]
[Round "6"]
[White "Volkmann, Friedrich"]
[Black "Nagy, Bence"]
[Result "1-0"]
[WhiteElo "2380"]
[BlackElo "2106"]
[PlyCount "73"]
[EventDate "1997.07.10"]

1. e4 e5 2. Nf3 Nc6 3. Bb5 a6 4. Ba4 Nf6 5. O-O Be7 6. Bxc6 dxc6 7. Qe1 Be6 8.
b3 Nd7 9. Bb2 Bd6 10. d4 Qf6 11. Nxe5 Nxe5 12. dxe5 Bxe5 13. Bxe5 Qxe5 14. Nc3
O-O 15. Qe3 f6 16. f4 Qd6 17. Rad1 Qe7 18. Rd2 Rfd8 19. Rfd1 Rxd2 20. Rxd2 Rd8
21. Rxd8+ Qxd8 22. Kf2 Kf8 23. h3 h5 24. Ne2 Bf7 25. Qa7 Qc8 26. Qc5+ Kg8 27.
Qe7 Bg6 28. f5 Bf7 29. Nf4 Qf8 30. Qxf8+ Kxf8 31. Kg3 Ke7 32. Kh4 Kd6 33. Nxh5
Bxh5 34. Kxh5 Ke7 35. Kg6 Kf8 36. h4 c5 37. c4 {} 1-0

[Event "op"]
[Site "Oberwart"]
[Date "1997.07.10"]
[Round "6"]
[White "Holzer, Gerhard"]
[Black "Kovacs, Gabor"]
[Result "1/2-1/2"]
[WhiteElo "2250"]
[BlackElo "2325"]
[PlyCount "70"]
[EventDate "1997.07.10"]

1. e4 c5 2. Nf3 e6 3. Nc3 Nc6 4. Be2 a6 5. d4 cxd4 6. Nxd4 Qc7 7. O-O Nf6 8.
Kh1 d6 9. f4 Be7 10. Be3 O-O 11. Qe1 Nxd4 12. Bxd4 b5 13. Bd3 b4 14. Nd1 Bb7
15. Bxf6 Bxf6 16. Qxb4 Rab8 17. Qd2 Bc6 18. c3 Qb7 19. Qe2 a5 20. Rf3 Rfe8 21.
c4 Bd4 22. Rg3 f5 23. exf5 exf5 24. Qd2 Qb4 25. Nc3 Qxb2 26. Qxb2 Rxb2 27. Nd5
Rxa2 28. Rf1 Bd7 29. c5 Ra1 30. Rxa1 Bxa1 31. Re3 Rxe3 32. Nxe3 dxc5 33. Nxf5
Be6 34. Ne7+ Kf8 35. Nc6 a4 {.} 1/2-1/2

[Event "op"]
[Site "Oberwart"]
[Date "1997.07.10"]
[Round "6"]
[White "Genser, Harald"]
[Black "Titz, Heimo"]
[Result "0-1"]
[WhiteElo "2175"]
[BlackElo "2325"]
[PlyCount "82"]
[EventDate "1997.07.10"]

1. e4 c5 2. Nf3 Nc6 3. d4 cxd4 4. Nxd4 Nf6 5. Nc3 d6 6. Bc4 e6 7. Be3 a6 8. Qe2
Qc7 9. Bb3 Be7 10. O-O-O O-O 11. Rhg1 b5 12. g4 Nd7 13. Nf5 Nc5 14. Bd5 Bb7 15.
g5 Rfc8 16. Rg3 Bf8 17. Rh3 g6 18. Nh6+ Bxh6 19. Bxc6 Bg7 20. Bxb7 Qxb7 21.
Bxc5 Rxc5 22. Rhd3 Bf8 23. Qe3 Rac8 24. R1d2 Qc6 {} 25. Qe2 Rxg5 26. f4 Rc5
27. Nd1 Rc4 28. Nf2 b4 29. Kb1 a5 30. Ng4 Be7 31. Nf2 a4 32. f5 Qc5 33. fxe6
fxe6 34. Rf3 Qe5 35. Nd3 Qxe4 36. Re3 Qc6 37. Rxe6 Bg5 38. Ne1 Bxd2 39. Qxd2 b3
40. Rxd6 bxc2+ 41. Kc1 Qe4 0-1

[Event "op"]
[Site "Oberwart"]
[Date "1997.07.10"]
[Round "6"]
[White "Frick, Guenter"]
[Black "Kunz, Konstantin"]
[Result "0-1"]
[WhiteElo "2155"]
[BlackElo "2295"]
[PlyCount "106"]
[EventDate "1997.07.10"]

1. Nf3 c5 2. g3 d5 3. Bg2 Nc6 4. d4 e6 5. O-O Nf6 6. dxc5 Bxc5 7. c4 O-O 8.
cxd5 exd5 9. Bg5 d4 10. Nbd2 Re8 11. Nb3 Bb6 12. Rc1 h6 13. Bf4 Be6 14. Nbd2
Nd5 15. Nc4 Nxf4 16. gxf4 Qf6 17. Nd6 Qxf4 18. Nxe8 Rxe8 19. Qd2 Qd6 20. Rfd1
Bxa2 21. Qd3 Bd5 22. e3 Be4 23. Qa3 Qg6 24. exd4 Nxd4 25. Kh1 Ne2 26. Qa4 Bc6 {
} 27. Rxc6 Qxc6 28. Qg4 Qc2 29. Re1 Bxf2 30. Qd7 Qc6 31. Qxc6 bxc6 32. Rf1 Bb6
33. Bh3 Nd4 34. Nxd4 Bxd4 35. Bd7 Re7 36. Bxc6 Bxb2 37. Rb1 Rc7 38. Be4 Rc1+
39. Kg2 Rxb1 40. Bxb1 g5 41. Kf3 Kg7 42. h3 h5 43. Ba2 f5 44. Bc4 Kf6 45. Ba6
Be5 46. Bc8 a5 47. Bd7 g4+ 48. Kg2 Kg5 49. h4+ Kxh4 50. Bxf5 Kg5 51. Bd7 h4 52.
Kf2 h3 53. Bc6 g3+ 0-1

[Event "op"]
[Site "Oberwart"]
[Date "1997.07.10"]
[Round "6"]
[White "Olle, Peter"]
[Black "Medvegy, Zoltan"]
[Result "0-1"]
[WhiteElo "2110"]
[BlackElo "2295"]
[PlyCount "118"]
[EventDate "1997.07.10"]

1. c4 Nf6 2. Nc3 e5 3. Nf3 Nc6 4. e3 Be7 5. d4 exd4 6. Nxd4 O-O 7. Nxc6 dxc6 8.
Qc2 Bd6 9. Bd3 h6 10. h3 Qe7 11. Bd2 Nd7 12. O-O-O Nc5 13. Na4 Nxd3+ 14. Qxd3
Be6 15. b3 Rfd8 16. Qc2 b5 17. Nb2 a5 18. e4 Ba3 19. cxb5 cxb5 20. Bc3 a4 21.
Rxd8+ Rxd8 22. Kb1 axb3 23. axb3 Bb4 24. Nd3 Bxc3 25. Qxc3 Qa3 26. Nc1 b4 27.
Qc2 c5 28. Rd1 Rc8 29. Qa2 Qxa2+ 30. Kxa2 c4 31. Kb2 cxb3 32. Nxb3 Rc3 33. Nd4
Bc4 34. g3 Ra3 35. Rc1 Be6 36. Ra1 Rxa1 37. Kxa1 Bxh3 38. Kb2 g5 39. Kb3 h5 40.
Nf3 f6 41. Kxb4 Bg2 42. Nh2 Bxe4 43. Kc5 Kf7 44. Kd4 Bb7 45. Ke3 Ke6 46. f3 Ke5
47. Kf2 Ba6 48. Ke3 Bb5 49. Kf2 Kd4 50. f4 g4 51. Kg2 Ke3 52. Kg1 f5 53. Kg2
Ba6 54. Kg1 Ke2 55. Kg2 Bb7+ 56. Kg1 Bc6 {} 57. Nf1 Kf3 58. Kh1 Kf2+ 59. Kh2
h4 0-1

[Event "op"]
[Site "Oberwart"]
[Date "1997.07.10"]
[Round "6"]
[White "Allacher, Erwin"]
[Black "Brandner, Stefan"]
[Result "0-1"]
[WhiteElo "2098"]
[BlackElo "2265"]
[PlyCount "36"]
[EventDate "1997.07.10"]

1. d4 d5 2. Nf3 Nc6 3. c4 Bg4 4. cxd5 Bxf3 5. dxc6 Bxc6 6. Nc3 e6 7. e4 Bb4 8.
f3 Qh4+ 9. g3 Qf6 10. Be3 O-O-O 11. Be2 Bc5 12. e5 Qe7 13. Qd2 f6 14. exf6 Nxf6
15. O-O-O e5 16. dxc5 Rxd2 17. Rxd2 Ng4 18. Bg1 Qf7 {} 0-1

[Event "op"]
[Site "Oberwart"]
[Date "1997.07.10"]
[Round "6"]
[White "Pingitz, Harald"]
[Black "Haselhorst, Helmut"]
[Result "1/2-1/2"]
[WhiteElo "2260"]
[BlackElo "2165"]
[PlyCount "45"]
[EventDate "1997.07.10"]

1. Nf3 Nf6 2. g3 g6 3. Bg2 Bg7 4. O-O O-O 5. d4 d6 6. b3 e5 7. dxe5 Ng4 8. Bb2
Nc6 9. Qd2 dxe5 10. e4 f6 11. Qe2 Be6 12. Rd1 Qe8 13. Nc3 Rd8 14. Qb5 Rxd1+ 15.
Rxd1 Qc8 16. Na4 Rd8 17. Rxd8+ Qxd8 18. Qe2 Bf8 19. h3 Nh6 20. Bf1 Nf7 21. a3
a6 22. Nc3 Bc5 23. b4 {.} 1/2-1/2

[Event "op"]
[Site "Oberwart"]
[Date "1997.07.11"]
[Round "7"]
[White "Farago, Ivan"]
[Black "Balinov, Ilia"]
[Result "1/2-1/2"]
[WhiteElo "2440"]
[BlackElo "2570"]
[PlyCount "28"]
[EventDate "1997.07.11"]

1. d4 Nf6 2. c4 g6 3. Nc3 d5 4. Nf3 Bg7 5. Qb3 dxc4 6. Qxc4 O-O 7. e4 a6 8. e5
Nfd7 9. e6 fxe6 10. Qxe6+ Kh8 11. Ng5 c5 12. Nf7+ Rxf7 13. Qxf7 cxd4 14. Ne4
Ne5 {.} 1/2-1/2

[Event "op"]
[Site "Oberwart"]
[Date "1997.07.11"]
[Round "7"]
[White "Beim, Valeri"]
[Black "Rogulj, Branko"]
[Result "1/2-1/2"]
[WhiteElo "2555"]
[BlackElo "2425"]
[PlyCount "102"]
[EventDate "1997.07.11"]

1. Nf3 Nf6 2. b3 g6 3. Bb2 Bg7 4. g3 c5 5. c4 d6 6. Bg2 e5 7. O-O O-O 8. d3 Nc6
9. Nc3 h6 10. Nd2 Nh7 11. a3 f5 12. b4 Nf6 13. bxc5 dxc5 14. Nb3 Qe7 15. Na4
Nd7 16. e3 Rb8 17. Bc3 Re8 18. Re1 Kh7 19. f4 Qd6 20. fxe5 Ncxe5 21. d4 Nxc4
22. Qd3 Nce5 23. Qb5 a6 24. Qf1 Ng4 25. dxc5 Qf8 26. Bd4 Ndf6 27. Nb6 Be6 28.
Na5 Ne4 29. Rac1 Red8 30. Bxe4 Rxd4 31. exd4 Bxd4+ 32. Kg2 Ne3+ 33. Rxe3 Bxe3
34. Bxb7 Bxc5 {} 35. Na4 Bd6 36. Bf3 g5 37. Kh1 Bxa3 38. Re1 Bf7 39. Qd3 Bg6
40. Nc6 Rc8 41. Qd7+ Kh8 42. Nb6 Re8 43. Rxe8 Qxe8 44. Qxe8+ Bxe8 45. Ne5 Kg7
46. Be2 a5 47. Bd1 Kf6 48. Nec4 Bc6+ 49. Kg1 Bc5+ 50. Kf1 Bb4 51. Ba4 Be4 {}
1/2-1/2

[Event "op"]
[Site "Oberwart"]
[Date "1997.07.11"]
[Round "7"]
[White "Cvitan, Ognjen"]
[Black "Vaulin, Alexander"]
[Result "1-0"]
[WhiteElo "2550"]
[BlackElo "2490"]
[Annotator "Balinov"]
[PlyCount "97"]
[EventDate "1997.07.11"]

1. d4 d5 2. c4 dxc4 3. Nf3 a6 4. e3 e6 5. Bxc4 c5 6. O-O Nf6 7. Bb3 Nc6 8. Qe2
cxd4 9. Rd1 d3 $6 ({Besser war} 9... Be7) 10. Rxd3 Qc7 11. Nc3 Bd6 12. e4 Ng4 (
12... O-O $4 {Die Rochade verbot sich wegen} 13. Rxd6 Qxd6 {nebst} 14. e5 {
und Weiss besitzt fuer Turm + Bauer zwei Figuren.}) 13. h3 Nge5 14. Nxe5 Nxe5
15. Rd1 O-O 16. Be3 Bd7 17. Rac1 Bc6 18. Qh5 (18. Nd5 $2 {erwiese sich wegen}
18... exd5 19. exd5 Bb5 {
und Weiss verbleibt mit einer Minusfigur als boeser Reinfall.}) 18... Ng6 {} (
18... Qe7 {verwarf der Nachziehende wegen} 19. Bf4 $5 {zu erwaegen.} (19. Rxd6
$1 Qxd6 20. Rd1 Nd3 (20... Qc7 21. Bf4 f6 22. Bxe6+ Kh8 23. Bf5 g6 24. Bxg6 {
mehr als ausreichende Kompensation fuer die Qualitaet.}) 21. Qe2 Rfd8 22. Bc2
Nf4 23. Qf3 {mit Vorteil fuer Weiss.
Letztlich war auch noch})) 19. Nd5 $1
exd5 {Der einzige Zug.} 20. exd5 Qa5 21. Bd2 {
Hier und im naechsten Zug erneut das Einzige.} 21... Qb5 22. Bc4 Qxb2 23. dxc6
bxc6 24. Bb3 {Fuer den Minusbauern ist Weiss mit dem aktiven Laeuferpaar
ausreichend entschaedigt.} 24... Qf6 25. Qg5 $1 (25. Rxc6 $4 {
Natuerlich war der c-Bauer wegen} 25... Bh2+ {tabu.}) 25... Qe5 ({An} 25...
Qxg5 26. Bxg5 Be7 27. Be3 Rfc8 28. Rd7 {
mit weisser Initiative fand der Nachziehende selbstredend keinen Gefallen.})
26. Qxe5 Nxe5 27. Ba5 $1 Ba3 28. Rc3 Ra7 29. f4 Ng6 30. g3 c5 ({Nach} 30... Rc8
31. Ba4 Bf8 32. Rxc6 Rxc6 33. Bxc6 {
waere die Ueberlegenheit des weissen Laeuferpaars spuerbar.}) 31. Bb6 Rb7 32.
Bxc5 Bxc5+ 33. Rxc5 {Weiss dominiert das ganze Brett.} 33... Re8 34. Rd6 Ra7
35. Ra5 Re1+ 36. Kf2 Rae7 37. Bc4 Rc1 38. Bb3 ({Nachhaltiger als} 38. Bxa6 h5
39. Rxh5 (39. h4 Ra7) 39... Rc2+ 40. Kf3 Rxa2 {und Schwarz kann noch kaempfen.}
) 38... Rce1 39. Rd2 $1 Rh1 40. Rd8+ {Entscheidend!} 40... Nf8 41. Rxa6 Rh2+
42. Kf3 h5 43. Raa8 Kh7 44. Rxf8 Rhe2 ({Auch nach} 44... Ree2 45. Rh8+ Kg6 46.
Bxf7+ {ist Schwarz verloren, z.B.} 46... Kf6 (46... Kxf7 47. Raf8+ Kg6 (47...
Ke7 48. Re8+) 48. f5+ Kg5 49. h4+ {oder}) 47. Bxh5) 45. Rh8+ Kg6 46. Bxf7+ $3
Kxf7 {Nicht besser war} (46... Rxf7 47. Kxe2 {oder}) (46... Kf6 47. Bxh5) 47.
Raf8+ Kg6 ({Falls} 47... Ke6 {so} 48. Kxe2) 48. f5+ Kg5 49. h4# 1-0

[Event "op"]
[Site "Oberwart"]
[Date "1997.07.11"]
[Round "7"]
[White "Burmakin, Vladimir"]
[Black "Stanec, Nikolaus"]
[Result "1/2-1/2"]
[WhiteElo "2530"]
[BlackElo "2460"]
[PlyCount "92"]
[EventDate "1997.07.11"]

1. d4 Nf6 2. Nf3 g6 3. c4 Bg7 4. g3 O-O 5. Bg2 d6 6. O-O c6 7. h3 Qa5 8. Bd2
Qa6 9. Qc1 Nbd7 10. b3 e5 11. dxe5 dxe5 12. Nc3 Re8 13. Rd1 Bf8 14. Bh6 Qa3 15.
Bxf8 Qxc1 16. Raxc1 Kxf8 17. Ng5 Ke7 18. b4 h6 19. Nge4 Nxe4 20. Nxe4 Nf6 21.
Nxf6 Kxf6 22. b5 cxb5 23. cxb5 Be6 24. Bxb7 Rab8 25. Bc6 Re7 26. Rd6 Kg7 27. a4
Bxh3 28. Rcd1 Be6 29. Rd8 Rxd8 30. Rxd8 Rc7 31. a5 Bc8 32. Kh2 Kf6 33. Bf3 Bb7
34. a6 Bxf3 35. exf3 h5 36. Re8 Kf5 37. Rb8 f6 38. Kg2 g5 39. Rb7 Rc5 40. Rb8
Rc7 41. Rh8 Kg6 42. Kh3 Rd7 43. Rg8+ Kh7 44. Rb8 Kg6 45. Kg2 Rc7 46. g4 h4 {.}
1/2-1/2

[Event "op"]
[Site "Oberwart"]
[Date "1997.07.11"]
[Round "7"]
[White "Knoll, Hermann"]
[Black "Votava, Jan"]
[Result "1/2-1/2"]
[WhiteElo "2225"]
[BlackElo "2530"]
[PlyCount "93"]
[EventDate "1997.07.11"]

1. d4 d6 2. Nf3 Bg4 3. e4 Nd7 4. Bd3 e5 5. c3 Be7 6. O-O Ngf6 7. Re1 O-O 8.
Nbd2 c6 9. h3 Bxf3 10. Nxf3 Re8 11. Qc2 Qc7 12. Bd2 g6 13. Rad1 Bf8 14. Bc1 Bg7
15. dxe5 dxe5 16. Bf1 a5 17. Be3 Bf8 18. a4 Bc5 19. Bh6 Bf8 20. Bg5 Nh5 21. Bc4
h6 22. Be3 Nc5 23. Kh2 Rad8 24. Rxd8 Rxd8 25. Nd2 Re8 26. Rd1 Nf6 27. f3 Kg7
28. Nf1 b6 29. b3 Ne6 30. Qd2 Rd8 31. Qc1 Rxd1 32. Qxd1 Nf4 33. g3 N4h5 34. Qd2
Ng8 35. Qf2 c5 36. Qd2 Nhf6 37. Bf2 Qd6 38. Qxd6 Bxd6 39. Ne3 Nd7 40. Bb5 Ngf6
41. Nc4 Bc7 42. Be1 Nf8 43. Kg2 Ne6 44. Bd2 h5 45. h4 Kf8 46. Ne3 Bd6 47. Nc4 {
.} 1/2-1/2

[Event "op"]
[Site "Oberwart"]
[Date "1997.07.11"]
[Round "7"]
[White "Agnos, Dimiri"]
[Black "Bawart, Markus"]
[Result "1-0"]
[WhiteElo "2495"]
[BlackElo "2325"]
[PlyCount "57"]
[EventDate "1997.07.11"]

1. e4 c5 2. Nf3 Nc6 3. d4 cxd4 4. Nxd4 g6 5. c4 Bg7 6. Be3 Nf6 7. Nc3 O-O 8.
Be2 d6 9. O-O Nxd4 10. Bxd4 Be6 11. Rc1 Qa5 12. b3 Rfc8 13. f4 Ne8 14. f5 Bd7
15. Nd5 Qd8 16. Bxg7 Kxg7 17. Qd4+ f6 18. Rc3 e6 19. fxe6 Bxe6 20. Kh1 Bxd5 21.
exd5 Qb6 22. Qh4 Rc7 23. Rh3 Kg8 24. Bd3 f5 25. Bxf5 gxf5 26. Rxf5 Qa5 27. Rg5+
Kh8 28. Rh5 Kg8 29. Rxh7 {} 1-0

[Event "op"]
[Site "Oberwart"]
[Date "1997.07.11"]
[Round "7"]
[White "Mahdy, Khaled"]
[Black "Baumegger, Siegfried"]
[Result "0-1"]
[WhiteElo "2425"]
[BlackElo "2360"]
[PlyCount "78"]
[EventDate "1997.07.11"]

1. e4 e5 2. Nf3 Nc6 3. Bb5 a6 4. Ba4 Nf6 5. d3 d6 6. c3 g6 7. O-O Bg7 8. Re1
Bd7 9. Nbd2 O-O 10. Nf1 Re8 11. Ng3 h6 12. h3 Nh7 13. Bc2 Qe7 14. Nh2 h5 15.
Ngf1 Qf8 16. Ne3 Ne7 17. Nf3 Kh8 18. d4 Rad8 19. a4 Bc8 20. dxe5 dxe5 21. Qe2
Be6 22. Nc4 f6 23. Ne3 Qf7 24. Nh4 Nf8 25. Rd1 Nc8 26. Bd2 Nd6 27. Be1 Bh6 28.
Rd3 Bxe3 29. Qxe3 g5 30. Nf3 Nc4 31. Qc1 Ng6 32. Rxd8 Rxd8 33. b3 Na5 34. Nxg5
{} 34... fxg5 35. Qxg5 Nc6 36. Qxh5+ Kg7 37. b4 Qf6 38. Bd1 {} 38... Nf4 39.
Qf3 Rd3 0-1

[Event "op"]
[Site "Oberwart"]
[Date "1997.07.11"]
[Round "7"]
[White "Zsinka, Laszlo"]
[Black "Wittmann, Walter"]
[Result "1/2-1/2"]
[WhiteElo "2360"]
[BlackElo "2390"]
[PlyCount "28"]
[EventDate "1997.07.11"]

1. d4 Nf6 2. c4 g6 3. Nc3 Bg7 4. e4 d6 5. f3 O-O 6. Be3 a6 7. Qd2 b6 8. Rd1 Bd7
9. Bd3 c5 10. Nge2 Nc6 11. O-O Bg4 12. fxg4 cxd4 13. Bxd4 Nxd4 14. h3 Rb8 {.}
1/2-1/2

[Event "op"]
[Site "Oberwart"]
[Date "1997.07.11"]
[Round "7"]
[White "Schwab, Rene"]
[Black "Lendwai, Reinhard"]
[Result "0-1"]
[WhiteElo "2280"]
[BlackElo "2385"]
[PlyCount "128"]
[EventDate "1997.07.11"]

1. f4 Nf6 2. Nf3 g6 3. b3 Bg7 4. Bb2 c5 5. c4 O-O 6. g3 b6 7. Bg2 Bb7 8. Nc3 e6
9. O-O d5 10. Ne5 Nbd7 11. Nb5 Qe7 12. e3 a6 13. Na3 Rad8 14. Qe2 Nxe5 15. Bxe5
Ne8 16. Bxg7 Nxg7 17. d3 Rd7 18. cxd5 exd5 19. Nc2 Re8 20. g4 f5 21. gxf5 Nxf5
22. Rae1 Qf6 23. b4 cxb4 24. Qd2 a5 25. Bh3 Rg7 26. Rf3 Nh4 27. Rg3 Bc8 28.
Bxc8 Rxc8 29. Nd4 Nf5 30. Nxf5 Qxf5 31. e4 dxe4 32. dxe4 Qc5+ 33. Kg2 Qc2 34.
Rd3 Qxd2+ 35. Rxd2 Rgc7 36. Kf3 Rc2 37. Ree2 R2c3+ 38. Kg4 R8c7 39. e5 Kf7 40.
Rd8 Rc2 41. Rdd2 Rxd2 42. Rxd2 Ke7 43. Kg5 b5 44. Rd5 Rb7 45. Kh6 a4 46. Rd4 b3
47. axb3 a3 48. Kxh7 Rd7 49. Re4 Rd3 50. Re2 Rxb3 51. Kxg6 Rb2 52. Re3 b4 53.
Rh3 a2 54. Rh7+ Ke6 55. Ra7 Rg2+ 56. Kh7 b3 57. Ra6+ Kf5 58. h4 Rg1 59. Rf6+
Ke4 60. e6 a1=Q 61. e7 Qxf6 62. e8=Q+ Kf3 63. Qa8+ Kg3 64. Qe4 Kh2 {} 0-1

[Event "op"]
[Site "Oberwart"]
[Date "1997.07.11"]
[Round "7"]
[White "Hager, Herbert"]
[Black "Ruck, Robert"]
[Result "0-1"]
[WhiteElo "2190"]
[BlackElo "2450"]
[PlyCount "80"]
[EventDate "1997.07.11"]

1. Nf3 d6 2. c4 e5 3. Nc3 Nf6 4. g3 Be7 5. Bg2 O-O 6. O-O Nbd7 7. d3 c6 8. b3
Re8 9. Bb2 a6 10. Nd2 Nb6 11. b4 Be6 12. Nb3 Nbd7 13. Na5 Qc7 14. a3 Rad8 15.
Rc1 Bf8 16. h3 g6 17. Qd2 Bg7 18. Kh2 Nb6 19. e4 Qb8 20. Qe3 Nc8 21. Rc2 Ne7
22. Rfc1 b6 23. Nb3 d5 24. cxd5 cxd5 25. exd5 Nfxd5 26. Nxd5 Nxd5 27. Bxd5 Bxd5
28. Nd2 Rd7 29. Nc4 Rb7 30. Qd2 b5 31. Na5 Rd7 32. Qe3 h6 33. Rc5 Kh7 34. R1c2
Qd6 35. d4 Re6 36. dxe5 Bxe5 37. Bxe5 Rxe5 38. Qd4 Qf6 39. Rd2 {} 39... Qf3
40. Rxd5 Rexd5 0-1

[Event "op"]
[Site "Oberwart"]
[Date "1997.07.11"]
[Round "7"]
[White "Danner, Georg"]
[Black "Sziebert, Adam"]
[Result "0-1"]
[WhiteElo "2430"]
[BlackElo "2300"]
[PlyCount "96"]
[EventDate "1997.07.11"]

1. d4 Nf6 2. Nf3 g6 3. c4 c5 4. d5 b5 5. cxb5 a6 6. bxa6 Bxa6 7. Nc3 Bg7 8. e4
Bxf1 9. Kxf1 d6 10. g3 O-O 11. Kg2 Nbd7 12. Re1 Qa5 13. e5 Ng4 14. exd6 exd6
15. Ne4 c4 16. Re2 Nde5 17. Nxe5 Nxe5 18. Qd2 Nd3 19. Qxa5 Rxa5 20. Nxd6 Rxa2
21. Rxa2 Nxc1 22. Nxc4 {} 22... Nxe2 23. d6 Nd4 24. Ra7 Rd8 25. Rb7 Bf8 26.
Ne5 Rxd6 27. Nxf7 Rd5 28. h4 Ne6 29. f4 Rd2+ 30. Kh3 Nc5 31. Rc7 Ne4 32. h5 Rd3
33. Kh4 gxh5 34. Ng5 Nf6 35. Ne6 Bh6 36. b4 Rd2 37. Ng5 Rh2+ 38. Nh3 Ne4 39. g4
Nf2 40. Kg3 Rxh3+ 41. Kxf2 hxg4 42. b5 Bxf4 43. Rc4 Rf3+ 44. Kg2 Kg7 45. b6 h5
46. b7 Bb8 47. Rc5 Rb3 48. Rxh5 g3 0-1